000 00429nam a2200169 4500
001 VA40418
003 ES-SlBCS
005 20210601154337.0
008 140520s1970 xxu||||| |||| 00| 0 spa d
041 _aspa
100 1 _aOrdóñez, Valeriano
_928742
245 1 0 _aIntenta dar alas al ideal
_cValeriano Ordóñez
260 _aMadrid :
_bStudium
_c, 1970
300 _a174 p.;
_c18 cm
651 _aIdeal
_9185278
942 _cBK
999 _c803431
_d803431